| 000 | 00840nam a2200253 a 4500 | ||
|---|---|---|---|
| 001 | 000010277 | ||
| 005 | 20240412074216.0 | ||
| 008 | 091006s1996 dr ac 001 p spa d | ||
| 040 |
_aDO-SdBNP _bspa _cBNPHU |
||
| 082 |
_aRD861.44 _bJ61na |
||
| 100 | 1 |
_aJiménez, Blas R. _918874 |
|
| 245 | 1 | 3 |
_aEl nativo : _bVersos en cuentos para espantar Zombies / _cBlas R. Jiménez. |
| 260 |
_aSanto Domingo : _bBúho, _c1996. |
||
| 300 |
_a70 p. : _bil., retrs. ; _c22 cm. |
||
| 490 | 1 |
_aVersos del Negro Blas _v4 |
|
| 490 | 1 | _aCimarrones | |
| 500 | _aIncluye datos biográficos del autor el la solapa | ||
| 590 | _aInventariado, 2018/LP | ||
| 650 | 0 |
_aPoesía dominicana _966 |
|
| 650 | 0 |
_aLiteratura dominicana. _967 |
|
| 830 | 0 |
_aVersos del Negro Blas ; _n4 _925291 |
|
| 830 | 0 |
_aCimarrones _925292 |
|
| 910 | _aValidado. Control de calidad MFF | ||
| 999 |
_c10036 _d10036 |
||